000 00577nam a2200229Ia 4500
005 20260115173658.0
008 008 260114s9999 xx 000 0 eng d
020 _a9781868888795
037 _aEBOOK
040 _aCRL
_beng
_cCRL
041 _aeng
_2eng
084 _qCRL
100 _aShearar
_9889902
245 0 _aAgainst The Worlds
260 _bCambridge University Press
260 _bUniversity of South Africa
260 _c2017
650 _aLaw
_9889903
856 _uhttps://doi.org/10.25159/879-5
942 _cEBOOK
999 _c1486653
_d1486653